Vrai/Faux : Homonymes de départements français 10 - Statistiques

Statistiques générales
  • Ce quiz a été pris 12 fois
  • Le résultat moyen est 31 sur 50
Statistiques - réponses
Hint Explanation Réponse % Correct
Guadeloupe est un archipel des Antilles VRAI
100%
Vosges est un massif montagneux VRAI
91%
Vendée globe est une course à la voile VRAI
91%
Vienne est une ancienne commune de Belgique Vien FAUX
82%
Guyane est le féminin de Guy Pure invention ! FAUX
82%
Vienne veut dire "vent" en espagnol Viene FAUX
82%
Réunion est la 1ère personne du pluriel du conditionnel présent du verbe réunir Réunirions FAUX
82%
Maine est un état américain VRAI
82%
Vienne est un affluent de la Loire VRAI
82%
Vienne est la 3e personne singulier de Venir au subjonctif présent VRAI
82%
Paris est le département numéroté 75 VRAI
82%
Alpes est un massif montagneux européen VRAI
82%
Somme est synonyme de "sieste" VRAI
82%
Réunion signifie "assemblée" VRAI
82%
Essonne est une ville de Bretagne Pure invention ! FAUX
73%
Alpes est le nom d'un massif en Australie Nouvelle-Zélande FAUX
73%
Guadeloupe est un fleuve des Antilles Pure invention ! FAUX
73%
Paris Gaston est un architecte VRAI
73%
Alpes est contenu dans le nom de 3 départements VRAI
73%
Tarn est un papillon de nuit Tarme en italien FAUX
64%
Somme en anglais veut dire beaucoup Some veut dire quelques FAUX
64%
Garonne est une commune de Haute-Garonne Pure invention ! FAUX
64%
Loir est le nom d'une dynastie de peintres D'orfèvre FAUX
64%
Guadeloupe est une rivière américaine Guadalupe FAUX
64%
Martinique est le département portant le numéro 972 VRAI
64%
Ille est un affluent de la Vilaine VRAI
64%
Vendée était une caravelle Pure invention ! FAUX
55%
Paris est la 2e personne de l'impératif du verbe Parier Parie FAUX
55%
Vilaine est une ville des Yvelines Villennes FAUX
55%
Vienne est un affluent de la Seine Saane FAUX
55%
Vendée 93 est un album de Didier Barbelivien VRAI
55%
Vendée est une race de porc VRAI
55%
Vaucluse est une appellation de vin VRAI
55%
Paris est un album de Zaz VRAI
55%
Vaucluse est une commune du Doubs VRAI
55%
Vendée est un affluent de la Sèvre Niortaise VRAI
55%
Paris est un film de Cédric Klapisch VRAI
55%
Maine est contenu dans le nom de 2 départements 1 ! Maine-et-Loire VRAI
55%
Réunion est un jeu vidéo VRAI
55%
Somme est un affluent de la Marne VRAI
55%
Paris de Pascal est une expression bien connue des philosophes Pari FAUX
45%
Paris est une fée chez les Perses Pari FAUX
45%
Alpes est un pâturage d'altitude Alpe ou alpage FAUX
45%
Vilaine est une ancienne paysanne libre VRAI
45%
Var est un type de véhicule de pompiers Véhicule d'Assistance Respiratoire VRAI
45%
Vaucluse est le département numéroté 83 84 FAUX
36%
Yonne est le département numéroté 8 VRAI
27%
Vaucluse est le nom d'un massif alpin VRAI
27%
Vienne est le nom d'un congrès tenu en 1815/1817 1814-1815 FAUX
0%
Alpes est le nom d'un massif au Japon VRAI
0%
Aucun quiz correspondant
Distribution des résultats
% des personnes avec chaque résultat
Percentile par nombre de réponses
Votre historique - résultats
Vous n’avez pas pris ce quiz